Paedagogiai [Pedagógiai] antinómiák

Elmentve itt :
Bibliográfiai részletek
Szerző: Székely György
Dokumentumtípus: Cikk
Megjelent: 1906
Sorozat:Magyar pedagógia : a Magyar Tudományos Akadémia Pedagógiai Bizottságának folyóirata 15
Kulcsszavak:Pedagógia magyar 19. sz., Oktatásügy Magyarország 19. sz., Neveléselmélet Európa 16-19. sz., Pedagógia
Online Access:http://misc.bibl.u-szeged.hu/8182
LEADER 00745nab a2200181 i 4500
001 misc8182
005 20191106143942.0
008 170607s1906 hu o 0|| hun d
022 |a 0025-0260 
040 |a SZTE Miscellanea Repozitórium  |b hun 
041 |a hun 
100 1 |a Székely György 
245 1 0 |a Paedagogiai [Pedagógiai] antinómiák  |h [elektronikus dokumentum] /  |c  Székely György 
260 |c 1906 
300 |a 274-283 
490 0 |a Magyar pedagógia : a Magyar Tudományos Akadémia Pedagógiai Bizottságának folyóirata  |v 15 
695 |a Pedagógia magyar 19. sz., Oktatásügy Magyarország 19. sz., Neveléselmélet Európa 16-19. sz., Pedagógia 
856 4 0 |u http://misc.bibl.u-szeged.hu/8182/1/mp_1906_1112_274-283.pdf  |z Dokumentum-elérés